000 00756nam a2200241 i 4500
001 000010965
003 DO-SdBNP
005 20230609142823.0
007 ta
008 091013s1934 dr 000 0 spa d
040 _aDO-SdBNP
_bspa
_cBNPHU
_erda
082 _axxx
_bM533r
_222
110 1 _aRepública Dominicana.
_bSecretaría de Estado de Relaciones Exteriores
_92256
245 1 0 _aMemoria de relaciones exteriores correspondiente a 1933.
264 _aSanto Domingo :
_bImprenta de J.R.Vda. Garcia Sucs.,
_c1934.
300 _a159 paginas. ;
_c26 cm.
336 _2rdacontent
_atexto
_btxt
337 _2rdamedia
_asin mediación
_bn
338 _2rdacarrier
_avolumen
_bnc
590 _aInventariado, 2023 / DG
910 _aDG
942 _2ddc
_cLBS1
999 _c53758
_d53758